| 000 | 00683cam a2200217u 4500 | ||
|---|---|---|---|
| 001 | 85183 | ||
| 003 | BD-RjUL | ||
| 005 | 20250712172009.0 | ||
| 008 | 810304s1944 enk 000 0 eng | ||
| 035 | _a(BD-RjUL)85183 | ||
| 040 |
_aDLC _cCarP _dDLC _beng |
||
| 041 | _aeng | ||
| 082 |
_a829 _bBOA 1944 |
||
| 100 | 1 |
_aBone, Gavin, _d1907-1942. _915998 |
|
| 245 | 0 | 0 |
_aAnglo-Saxon poetry: _ban essay, _cGavin Bone |
| 260 |
_aOxford, _bThe Clarendon press _c[1944] |
||
| 300 |
_a79 p. _c20 cm. |
||
| 650 | 0 |
_aEnglish poetry _yOld English, ca. 450-1100 _vModernized versions. _915999 |
|
| 650 | 0 |
_aEnglish poetry _yOld English, ca. 450-1100 _xHistory and criticism. _916000 |
|
| 942 |
_2ddc _cBK |
||
| 999 |
_c85183 _d85183 |
||